| 000 | 00993cam a2200253Li 4500 | ||
|---|---|---|---|
| 005 | 20180313061229.0 | ||
| 008 | 141003t2014 enka frb 001 0 eng d | ||
| 020 | _a9781403988027 | ||
| 040 |
_aCO-BoUCM _bspa _cJose A. Gerena _dJose A. Gerena |
||
| 041 | 0 | _aeng | |
| 060 | _aWF 11.1 | ||
| 100 | 1 |
_aTimmermann, Carsten _d1966- _965050 |
|
| 245 | 1 | 2 |
_aA history of lung cancer _bthe recalcitrant disease _cCarsten Timmermann |
| 260 |
_aBasingstoke (Hampshire, Inglaterra) _bPalgrave macmillan _c2014 |
||
| 300 |
_ax, 244 páginas _bilustraciones |
||
| 490 | 1 | _aScience, technology and medicine in modern history | |
| 504 | _aIncluye referencias bibliográficas e índices | ||
| 650 | 7 |
_aEnfermedades de los pulmones _xHistoria _914340 |
|
| 650 | 7 |
_aEnfermedades de los pulmones _xTratamiento _xHistoria _965051 |
|
| 650 | 7 |
_aCáncer _xHistoria _910399 |
|
| 690 |
_942884 _aNeumología |
||
| 690 |
_942847 _aHistoria de la medicina |
||
| 942 |
_2NLM _a15 _cLIBRO _e1 _hWF 11.1 _mT584 _n0 |
||
| 999 |
_c296827 _d296827 |
||